[Event "Avoine op 32nd"]
[Site "Avoine"]
[Date "2017.07.29"]
[Round "8"]
[White "Djidjeli, Sofiane"]
[Black "Frick, Christoph"]
[Result "1/2-1/2"]
[WhiteElo "2065"]
[BlackElo "2239"]
[PlyCount "119"]
[EventDate "2017.07.22"]
[EventType "swiss"]
[EventRounds "9"]
[EventCountry "FRA"]
[SourceTitle "CBM 179 Extra"]
[Source "ChessBase"]
[SourceDate "2017.08.23"]
[SourceVersion "1"]
[SourceVersionDate "2017.08.23"]
[SourceQuality "1"]

1. e4 c6 2. d4 d5 3. Nc3 dxe4 4. Nxe4 Nd7 5. Qe2 Ndf6 6. Nf3 Bg4 7. c3 Qd5 8. Nxf6+ Nxf6 9. h3 Bxf3 10. Qxf3 Qxf3 11. gxf3 e6 12. Rg1 g6 13. Bf4 Bg7 14. 0-0-0 0-0-0 15. Bc4 Nh5 16. Be3 Bf6 17. Bb3 Rd7 18. Rd2 Rhd8 19. Rgd1 Be7 20. c4 b6 21. d5 Bb4 22. Rc2 Kb8 23. Ba4 b5 24. cxb5 cxb5 25. Bxb5 Rxd5 26. Rxd5 exd5 27. Bd4 Bd6 28. Rc6 Bc7 29. Ra6 Nf4 30. Bxa7+ Kb7 31. Bd4 Ne6 32. Ra4 Nxd4 33. Rxd4 Kb6 34. Bd3 Kc6 35. a4 Bb6 36. Bb5+ Kd6 37. Rd2 Kc5 38. Kc2 Rd6 39. Kb3 Rf6 40. Be2 Rf4 41. Ka3 Ba5 42. Rc2+ Kb6 43. Rc8 Bb4+ 44. Kb3 Be1 45. Rb8+ Kc6 46. Ka3 Rd4 47. Rc8+ Kb7 48. Rc2 h5 49. Bb5 Kb8 50. Re2 Bb4+ 51. Kb3 Bd6 52. Kc3 Rf4 53. Re8+ Kb7 54. Rd8 Be5+ 55. Kd2 Rxf3 56. Rxd5 f6 57. Be8 Rxf2+ 58. Ke3 Rxb2 59. Rb5+ Rxb5 60. axb5 1/2-1/2

[Event "Lyon-ch U16"]
[Site "Lyon"]
[Date "2016.11.11"]
[Round "7.1"]
[White "Djidjeli, Sofiane"]
[Black "Lamhene, Elias"]
[Result "1-0"]
[WhiteElo "2000"]
[BlackElo "1643"]
[PlyCount "29"]
[EventDate "2016.11.11"]
[EventType "swiss (rapid)"]
[EventRounds "7"]
[EventCountry "FRA"]
[SourceTitle "EXT 2024"]
[Source "ChessBase"]
[SourceDate "2023.10.10"]
[SourceVersion "1"]
[SourceVersionDate "2023.10.10"]
[SourceQuality "1"]

1. e4 c5 2. Nf3 Nc6 3. Bb5 g6 4. Bxc6 dxc6 5. 0-0 Bg7 6. d3 e6 7. Nc3 Ne7 8. Be3 b6 9. Qd2 0-0 10. Bh6 Ba6 11. Bxg7 Kxg7 12. h3 Qc7 13. Nh2 Rad8 14. Ng4 c4 15. Qh6+ 1-0

[Event "Lyon-ch U16"]
[Site "Lyon"]
[Date "2016.11.11"]
[Round "5.1"]
[White "Djidjeli, Sofiane"]
[Black "Mathieu, Phileas"]
[Result "1-0"]
[WhiteElo "2000"]
[BlackElo "1919"]
[PlyCount "113"]
[EventDate "2016.11.11"]
[EventType "swiss (rapid)"]
[EventRounds "7"]
[EventCountry "FRA"]
[SourceTitle "EXT 2024"]
[Source "ChessBase"]
[SourceDate "2023.10.10"]
[SourceVersion "1"]
[SourceVersionDate "2023.10.10"]
[SourceQuality "1"]

1. e4 e6 2. d4 d5 3. Nc3 Bb4 4. Bd3 dxe4 5. Bxe4 Nf6 6. Bg5 h6 7. Bxf6 Qxf6 8. Nf3 c5 9. 0-0 Nc6 10. d5 Nd4 11. Nxd4 cxd4 12. Nb5 0-0 13. dxe6 fxe6 14. Qxd4 Qxd4 15. Nxd4 Rf4 16. f3 Bc5 17. c3 e5 18. g3 Rf6 19. b4 Bb6 20. a4 a6 21. a5 Ba7 22. Rad1 Rd6 23. Kg2 exd4 24. cxd4 Rxd4 25. Rxd4 Bxd4 26. Rd1 Bf6 27. f4 Bg4 28. Rd6 Rb8 29. h3 Bc8 30. Bg6 Kf8 31. g4 Ke7 32. Rd1 Bd7 33. Re1+ Kd6 34. Rd1+ Kc7 35. Rc1+ Bc6+ 36. Kg3 Rd8 37. Rc4 Rd2 38. h4 Rd4 39. Rc5 Rxb4 40. g5 hxg5 41. hxg5 Bd4 42. Rf5 Rb3+ 43. Kh2 Rb2+ 44. Kg3 Rg2+ 45. Kh3 Rg1 46. Rf7+ Kd6 47. Kh2 Kc5 48. Re7 Rh1+ 49. Kg3 Rg1+ 50. Kh2 Rf1 51. Re2 Rf2+ 52. Rxf2 Bxf2 53. f5 Be3 54. f6 gxf6 55. gxf6 Bh6 56. f7 Bf8 57. Bh5 1-0

[Event "Vaujany op-B 6th"]
[Site "Vaujany"]
[Date "2015.07.16"]
[Round "8"]
[White "Djidjeli, Sofiane"]
[Black "David, Dorian Ciprian"]
[Result "0-1"]
[WhiteElo "1724"]
[BlackElo "1730"]
[PlyCount "78"]
[EventDate "2015.07.08"]
[EventType "swiss"]
[EventRounds "9"]
[EventCountry "FRA"]
[SourceTitle "EXT 2017"]
[Source "ChessBase"]
[SourceDate "2016.10.25"]
[SourceVersion "1"]
[SourceVersionDate "2016.10.25"]
[SourceQuality "1"]

1. e4 a6 2. d4 b5 3. Bd3 Bb7 4. Nf3 e6 5. Qe2 Nf6 6. 0-0 c5 7. dxc5 Bxc5 8. e5 Nd5 9. a4 b4 10. c4 bxc3 11. Nxc3 Nb4 12. Ne4 Be7 13. Nfd2 d5 14. exd6 Bxd6 15. Nc4 Be7 16. Rd1 Bd5 17. Be3 Bxc4 18. Bxc4 Qc7 19. Rac1 N8c6 20. Qg4 g6 21. Bxe6 0-0 22. Bb3 Qe5 23. Nc3 Rad8 24. Re1 Nd3 25. Bd2 Nxe1 26. Rxe1 Qg7 27. Bf4 Bf6 28. Ne2 Rfe8 29. Be3 Bxb2 30. Qc4 Nd4 31. Nxd4 Bxd4 32. Qxa6 Bxe3 33. fxe3 Qc3 34. Bxf7+ Kxf7 35. Rf1+ Kg8 36. Kh1 Qxe3 37. Qb7 Qe7 38. Qb3+ Qe6 39. Qb7 Rd1 0-1